Nuevo sindicalismo en los noventa
Uloženo v:
| Médium: | Text |
|---|---|
| Témata: | |
| Tagy: |
Přidat tag
Žádné tagy, Buďte první, kdo vytvoří štítek k tomuto záznamu!
|
MARC
| LEADER | 00000 a a2200000 04500 | ||
|---|---|---|---|
| 001 | 1471 | ||
| 003 | |||
| 040 | |||
| 245 | |a Nuevo sindicalismo en los noventa | ||
| 650 | |a SINDICATOS | ||
| 650 | |a ECONOMIA | ||
| 650 | |a POLITICA | ||
| 650 | |a CULTURA | ||
| 650 | |a IDEOLOGIAS | ||
| 650 | |a MOVIMIENTOS SOCIALES | ||
| 650 | |a COSTA RICA | ||
| 773 | |g número 91; páginas 17-19 | ||
| 999 | |c 38111 |d 38111 | ||
